Insights into business
Saved in:
| Main Author: | |
|---|---|
| Other Authors: | , |
| Format: | Book |
| Language: | English |
| Published: |
Essex :
Addison Wesley Longman,
1997
|
| Subjects: | |
| Tags: |
Add Tag
No Tags, Be the first to tag this record!
|
MARC
| LEADER | 00000cam a2200000 i 4500 | ||
|---|---|---|---|
| 001 | 1/3380 | ||
| 008 | 000520s1997 eng d | ||
| 020 | |a 0-17-555988-0 | ||
| 035 | |l 10060778 | ||
| 040 | |a GR-MY-UA |b gre |e aacr | ||
| 041 | 0 | |a eng | |
| 082 | 0 | |a 428.202465 | |
| 100 | 1 | |a Lannon, Michael. | |
| 245 | 1 | 0 | |a Insights into business / |c Michael Lannon, Graham Tullis, Tonya Trappe |
| 260 | |a Essex : |b Addison Wesley Longman, |c 1997 | ||
| 300 | |a 160 p.; |b ill.; |c 28 cm. | ||
| 650 | 0 | 0 | |a English language |x Business English. |
| 650 | 0 | 0 | |a Business education |z Great Britain. |
| 700 | 1 | |a Tullis, Graham. | |
| 700 | 1 | |a Trappe, Tonya. | |
| 852 | |a INST |b CHIOS |e 20000725 |h 428.202465 LAN |p 005200018447 |q 005200018447 |t BK |y 0 | ||
| 852 | |a INST |b SAMOS |e 20000520 |h 428.202465 LAN |p 005300018020 |q 005300018020 |t BK |y 0 | ||
| 901 | |a BIBL2-2000-2 | ||
| 901 | |a BIBL3-2000-2 | ||
| 909 | |a Χ |b 074631 | ||
| 909 | |a Σ |b 074996 | ||
| 970 | |z 2000/07/ELIDOC | ||
| 970 | |z 2000/05/ΜΠΡΑΤΤΗΣ | ||